Haikyuu!! Guess the Team by their Logo - Statistics

General Stats
  • This quiz has been taken 88 times
    87 since last reset
  • The average score is 6 of 20
Answer Stats
Picture Answer % Correct
Karasuno
95%
Aoba Johsai
84%
Shinzen
61%
Shiratorizawa
53%
Tsubakihara
53%
Date Tech
49%
Itachiyama
32%
Fukurōdani
27%
Nekoma
25%
Inarizaki
24%
Nohebi
12%
Kamomedai
9%
Wakutani Minami
9%
Johzenji
8%
Tokonami
8%
Ohgiminami
3%
Kakugawa
1%
Niiyama Girls'
1%
Sarukawa Tech
1%
Ubugawa
1%
No matching quizzes found
Score Distribution
Percent of People with Each Score
Percentile by Number Answered
Your Score History
You have not taken this quiz since the last reset